Meghan O’Gieblyn : dans la Caverne des IA (notice n° 2073688)
[ vue normale ]
| 000 -LEADER | |
|---|---|
| fixed length control field | 00778cam a2200253 4500500 |
| 005 - DATE AND TIME OF LATEST TRANSACTION | |
| control field | 20260405004111.0 |
| 041 ## - LANGUAGE CODE | |
| Language code of text/sound track or separate title | fre |
| 042 ## - AUTHENTICATION CODE | |
| Authentication code | dc |
| 100 10 - MAIN ENTRY--PERSONAL NAME | |
| Personal name | Gherca, Stefania |
| Relator term | author |
| 245 00 - TITLE STATEMENT | |
| Title | Meghan O’Gieblyn : dans la Caverne des IA |
| 260 ## - PUBLICATION, DISTRIBUTION, ETC. | |
| Date of publication, distribution, etc. | 2023.<br/> |
| 500 ## - GENERAL NOTE | |
| General note | 32 |
| 690 ## - LOCAL SUBJECT ADDED ENTRY--TOPICAL TERM (OCLC, RLIN) | |
| Topical term or geographic name as entry element | Caverne |
| 690 ## - LOCAL SUBJECT ADDED ENTRY--TOPICAL TERM (OCLC, RLIN) | |
| Topical term or geographic name as entry element | Deep Learning |
| 690 ## - LOCAL SUBJECT ADDED ENTRY--TOPICAL TERM (OCLC, RLIN) | |
| Topical term or geographic name as entry element | Elon Musk |
| 690 ## - LOCAL SUBJECT ADDED ENTRY--TOPICAL TERM (OCLC, RLIN) | |
| Topical term or geographic name as entry element | Humain |
| 690 ## - LOCAL SUBJECT ADDED ENTRY--TOPICAL TERM (OCLC, RLIN) | |
| Topical term or geographic name as entry element | Intelligence Artificielle |
| 690 ## - LOCAL SUBJECT ADDED ENTRY--TOPICAL TERM (OCLC, RLIN) | |
| Topical term or geographic name as entry element | Machines |
| 690 ## - LOCAL SUBJECT ADDED ENTRY--TOPICAL TERM (OCLC, RLIN) | |
| Topical term or geographic name as entry element | Ray Kurzweil |
| 690 ## - LOCAL SUBJECT ADDED ENTRY--TOPICAL TERM (OCLC, RLIN) | |
| Topical term or geographic name as entry element | Technologies |
| 700 10 - ADDED ENTRY--PERSONAL NAME | |
| Personal name | Ortoli, Sven |
| Relator term | author |
| 786 0# - DATA SOURCE ENTRY | |
| Note | Philosophie magazine - Hors séries | Hors série - Pritemps 2023 | HS57 | 2023-04-01 | p. 2-5 | 2104-9246 |
| 856 41 - ELECTRONIC LOCATION AND ACCESS | |
| Uniform Resource Identifier | <a href="https://shs.cairn.info/magazine-philosophie-magazine-2023-3-page-2?lang=fr&redirect-ssocas=7080">https://shs.cairn.info/magazine-philosophie-magazine-2023-3-page-2?lang=fr&redirect-ssocas=7080</a> |
Pas d'exemplaire disponible.




Réseaux sociaux